Motors de corrent altern
Descripción Física:
2 v. (71 i 62 p.) : il. ; 23 cm
Otros Autores:
Catalunya. Extensió d'Ensenyament Tècnic
Materias:
Motors elèctrics de corrent altern
MARC
| LEADER | 00000nam a2200000Ia 4500 | ||
|---|---|---|---|
| 001 | 7725, 7726 | ||
| 008 | 160829s9999 xx 000 0 cat d | ||
| 080 | |a C-1-487, C-1-488 | ||
| 245 | |a Motors de corrent altern | ||
| 260 | |a Barcelona : |b Generalitat de Catalunya, Extensió d' Ensenyament Tècnic, [s.a.] | ||
| 300 | |a 2 v. (71 i 62 p.) : |b il. ; |c 23 cm | ||
| 650 | |a Motors elèctrics de corrent altern |9 37352 | ||
| 700 | |a Catalunya. Extensió d'Ensenyament Tècnic |9 20004 | ||
| 856 | 4 | |u https://media.diba.cat/diba/fitxers/arxiu/mancomunitat/bib_7726_baixa.pdf |y Accés lliure | |
| 901 | |a Arxiu | ||
| 942 | |n 1 |2 udc | ||
| 952 | |0 0 |1 0 |4 0 |6 C1487_C1488 |7 1 |9 47819 |a Arxiu |b Arxiu |d 2016-12-01 |l 0 |o C-1-487, C-1-488 |p 7725, 7726 |r 2016-12-01 00:00:00 |w 2016-12-01 |y ARXIU | ||
| 999 | |c 51618 |d 51618 | ||
| 900 | |a bib_7726_baixa.pdf | ||